Система стилистических средств, использованных Р. Льюисом в книге «When cultures collide. Managing successfully across cultures» в рамках научно-популярного подстиля; Коммуникативные аспекты языка и культуры; Ч. 1

التفاصيل البيبلوغرافية
Parent link:Коммуникативные аспекты языка и культуры: сборник материалов XIV Международной научно-практической конференции студентов и молодых ученых, г. Томск, 21-23 мая 2014 г./ Национальный исследовательский Томский политехнический университет (ТПУ), Институт международного образования и языковой коммуникации (ИМОЯК) ; под ред. С. А. Песоцкой.— , 2014
Ч. 1.— 2014.— [С. 259-266]
المؤلف الرئيسي: Притчина М. В.
مؤلف مشترك: Национальный исследовательский Томский политехнический университет (ТПУ) Институт международного образования и языковой коммуникации (ИМОЯК) Кафедра лингвистики и переводоведения (ЛиП)
مؤلفون آخرون: Песоцкая С. А. Светлана Александровна (научный руководитель)
الملخص:Заглавие с титульного экрана
اللغة:الروسية
منشور في: 2014
سلاسل:Теория и практика межкультурной коммуникации. Теория и практика перевода
الموضوعات:
الوصول للمادة أونلاين:http://earchive.tpu.ru/handle/11683/21523
http://www.lib.tpu.ru/fulltext/c/2014/C77/V1/051.pdf
التنسيق: MixedMaterials الكتروني فصل الكتاب
KOHA link:https://koha.lib.tpu.ru/cgi-bin/koha/opac-detail.pl?biblionumber=609843

MARC

LEADER 00000naa2a2200000 4500
001 609843
005 20260326164510.0
035 |a (RuTPU)RU\TPU\conf\7377 
035 |a RU\TPU\conf\7375 
090 |a 609843 
100 |a 20141210d2014 k y0rusy50 ca 
101 0 |a rus 
102 |a RU 
135 |a drcn ---uucaa 
181 0 |a i  
182 0 |a b 
200 1 |a Система стилистических средств, использованных Р. Льюисом в книге «When cultures collide. Managing successfully across cultures» в рамках научно-популярного подстиля  |f М. В. Притчина  |g науч. рук. С. А. Песоцкая 
203 |a Текст  |c электронный 
225 1 |a Теория и практика межкультурной коммуникации. Теория и практика перевода 
300 |a Заглавие с титульного экрана 
320 |a [Библиогр.: с. 265-266 (5 назв.)] 
337 |a Adobe Reader 
461 1 |0 (RuTPU)RU\TPU\conf\7313  |t Коммуникативные аспекты языка и культуры  |o сборник материалов XIV Международной научно-практической конференции студентов и молодых ученых, г. Томск, 21-23 мая 2014 г.  |o в 3 ч.  |f Национальный исследовательский Томский политехнический университет (ТПУ), Институт международного образования и языковой коммуникации (ИМОЯК) ; под ред. С. А. Песоцкой  |d 2014 
463 0 |0 (RuTPU)RU\TPU\conf\7314  |t Ч. 1  |v [С. 259-266]  |d 2014 
610 1 |a труды учёных ТПУ 
610 1 |a электронный ресурс 
610 1 |a переводы 
610 1 |a стилистические средства 
610 1 |a английский язык 
610 1 |a научный стиль 
610 1 |a стилистические средства 
610 1 |a лексика 
700 1 |a Притчина  |b М. В. 
702 1 |a Песоцкая  |b С. А.  |c лингвист  |c доцент Томского политехнического университета, кандидат филологических наук  |g Светлана Александровна  |4 727 
712 0 2 |a Национальный исследовательский Томский политехнический университет (ТПУ)  |b Институт международного образования и языковой коммуникации (ИМОЯК)  |b Кафедра лингвистики и переводоведения (ЛиП)  |3 (RuTPU)RU\TPU\col\18972 
801 2 |a RU  |b 63413507  |c 20210917  |g RCR 
856 4 |u http://earchive.tpu.ru/handle/11683/21523 
856 4 |u http://www.lib.tpu.ru/fulltext/c/2014/C77/V1/051.pdf 
942 |c BK